| 000 | 00355nam a2200121Ia 4500 | ||
|---|---|---|---|
| 008 | 190216s9999||||xx |||||||||||||| ||und|| | ||
| 100 | _a"Anand J, Rekhi Dps, Sarna L & Gupta Lr" | ||
| 245 | 0 | _aCareer`S Guide To Engineering Colleges Entrance Examinations | |
| 260 |
_bBright Careers _c1987 |
||
| 300 | _a1826p | ||
| 650 | _aEntrance Exam | ||
| 942 | _cREF | ||
| 999 |
_c35783 _d35783 |
||